| 000 | 00910nam a22001577a 4500 | ||
|---|---|---|---|
| 008 | 090728t xxu||||| |||| 00| 0 eng d | ||
| 082 |
_a303.4 _bا س م |
||
| 245 |
_aالنمو الحضرى والتنظيم فى المجتمعات الصناعية المستحدثة: _bدراسة ميدانية لمدين الأحمدى بالكويت/ _cفؤاد فريد اسماعيل |
||
| 260 |
_aالكويت: _bدار القلم، _c22 سم |
||
| 300 |
_a؛408 ص _c22 سم |
||
| 651 |
_98178 _aالكويت _x-- التغير الاجتماعى |
||
| 651 |
_98187 _aالكويت _xالتنمية الاقتصادية- الجوانب الاجتماعية |
||
| 651 |
_98188 _aالكويت _xالتنمية الاجتماعية |
||
| 942 |
_2ddc _cBB |
||
| 999 |
_c12445 _d12445 |
||